000 00475nam a2200169 4500
001 108880
003 ES-MaACL
005 20230906184730.0
007 t|
008 061121s1920 fr r ||||1| fre d
100 1 _aMonvoisin, A.
_982764
245 1 3 _aLe lait
_b: Physiologie, analyse, utilisation /
_cpar A. Monvoisin.
250 _a2 e èd.
260 _aParís :
_bAsselin et Houzeau,
_c1920.
300 _aXII, 539 p. :
_bil ;
_c18 cm.
852 _aES-MaACL
_jB-11724
999 _c108880
_d108880